Catalog

Record Details

Catalog Search



Snoezelen-MSE  Cover Image Book Book

Snoezelen-MSE / Renata Filatova

Filatova, Renáta (Author).

Record details

  • ISBN: 978-80-905419-3-1
  • Physical Description: 160 s. : il. (některé barev.) ; 22 cm
  • Edition: Vyd. 1.
  • Publisher: [Frýdek-Místek] : Kleinwächter Josef, 2014

Content descriptions

General Note:
Název z obálky
1000 výt.
Bibliography, etc. Note:
Obsahuje bibliografii
Language Note:
Český text
Subject: alternativní terapie
bazální stimulace
relaxace
terapeutické postupy
profesní příprava > Česko
profesní příprava > Slovensko
alternative therapy
basal stimulation
relaxation
therapeutic procedures
professional training > Czechia
professional training > Slovakia
Genre: příručky
handbooks and manuals

Available copies

  • 1 of 1 copy available at Common Catalog SPOK.

Holds

  • 0 current holds with 1 total copy.
Show Only Available Copies
Location Call Number / Copy Notes Barcode Shelving Location Status Due Date
Hospic Dobrého Pastýře OS
Tematická katagorie: Odborná - ostatní (OS)
2045957001241 Centrum denních služeb (CDS) Available -

LDR 01857nam a2200577 a 4500
00124785
003CZ-PrJAB
00520170814140245.0
007ta
008141001s2014 xr a e f 000 0 cze
015 . ‡acnb002627594
020 . ‡a978-80-905419-3-1 ‡q(brož.)
035 . ‡a(CZ PrNK)nkc20142627594
035 . ‡a(OCoLC)897869753
040 . ‡aABA001 ‡bcze
043 . ‡ae-xr--- ‡ae-xo---
072 7. ‡a615.8 ‡xFyzioterapie. Psychoterapie. Alternativní lékařství ‡2Konspekt ‡914
080 . ‡a615.8 ‡2MRF
080 . ‡a612.825.063 ‡2MRF
080 . ‡a613.86 ‡2MRF
080 . ‡a616-08 ‡2MRF
080 . ‡a377 ‡2MRF
080 . ‡a(437.3) ‡2MRF
080 . ‡a(437.6) ‡2MRF
080 . ‡a(035) ‡2MRF
1001 . ‡aFilatova, Renáta ‡7xx0139591 ‡4aut
24510. ‡aSnoezelen-MSE / ‡cRenata Filatova
250 . ‡aVyd. 1.
260 . ‡a[Frýdek-Místek] : ‡bKleinwächter Josef, ‡c2014
300 . ‡a160 s. : ‡bil. (některé barev.) ; ‡c22 cm
500 . ‡aNázev z obálky
500 . ‡a1000 výt.
504 . ‡aObsahuje bibliografii
546 . ‡aČeský text
65007. ‡aalternativní terapie ‡7ph137043 ‡2czenas
65007. ‡abazální stimulace ‡7ph367796 ‡2czenas
65007. ‡arelaxace ‡7ph125108 ‡2czenas
65007. ‡aterapeutické postupy ‡7ph123493 ‡2czenas
65007. ‡aprofesní příprava ‡7ph134694 ‡zČesko ‡2czenas
65007. ‡aprofesní příprava ‡7ph134694 ‡zSlovensko ‡2czenas
65009. ‡aalternative therapy ‡2eczenas
65009. ‡abasal stimulation ‡2eczenas
65009. ‡arelaxation ‡2eczenas
65009. ‡atherapeutic procedures ‡2eczenas
65009. ‡aprofessional training ‡zCzechia ‡2eczenas
65009. ‡aprofessional training ‡zSlovakia ‡2eczenas
6530 . ‡aSnoezelen-MSE
655 7. ‡apříručky ‡7fd133209 ‡2czenas
655 9. ‡ahandbooks and manuals ‡2eczenas
910 . ‡aBNE702
998 . ‡a002627594
901 . ‡a24785 ‡b ‡c24785 ‡tbiblio

Additional Resources